Type de pièces de maison 🏠 - Statistiques

Statistiques générales
  • Ce quiz a Ă©tĂ© pris 477 fois
  • Le rĂ©sultat moyen est 10 sur 11
Statistiques - réponses
Par images Réponse % Correct
Chambre
100%
Cuisine
100%
Garage
100%
Salle de bain
99%
Salon
99%
Toilette
99%
Couloir
98%
Salle Ă  manger
98%
Dressing
93%
Cave
90%
Buanderie
74%
Aucun quiz correspondant
Distribution des résultats
% des personnes avec chaque résultat
Percentile par nombre de réponses
Votre historique - résultats
Vous n’avez pas pris ce quiz